000 00679nam a2200229 a 4500
999 _c10928
_d10928
001 10928
003 BD-JhCC
005 20190620094917.0
008 190529b2015 bd ||||| a||| 00| 0 eng d
020 _a9847012004456
035 _a(BD-JhCC)10928
040 _aBD-JhCC
_dBD-JhCC
041 _aben
082 _bGHO 2015
_a891.4415
100 _aঘোষ, রতনতনু
245 _aজাতীয় ও আন্তর্জাতিক দিবসের কবিতা /
_cরতনতনু ঘোষ,
260 _aঢাকা:
_bকথা প্রকাশ;
_c2015.
300 _a223 p.:
_c22 cm.
650 _apoem
942 _2ddc
_cBK